| 000 | 00701nam a22001937a 4500 | ||
|---|---|---|---|
| 999 |
_c60553 _d60553 |
||
| 005 | 20230822153053.0 | ||
| 008 | 230822s1985 enk||||| |||| 00| 0 eng d | ||
| 020 | _a 015503765X | ||
| 041 | _aeng | ||
| 080 | _a75 C-87 | ||
| 100 |
_aCroix, Horst de la _919694 |
||
| 245 |
_aGardner's Art Through the Ages : _bVol. 2: Renaissance And Modern Art / _cHorst de la Croix, Richard G. Tansey. |
||
| 250 | _aEighth edition | ||
| 264 |
_aSan Diego, _c1985. |
||
| 300 |
_a1008 p. : _bill.; _c28 cm. |
||
| 653 | _aგარდნერის ხელოვნება საუკუნეების მანძილზე | ||
| 700 |
_aTansey, Richard G. _eავტორი _919695 |
||
| 942 |
_2udc _cBK |
||